Thomas Tuchel's Bayern - Statistics

General Stats
  • This quiz has been taken 28 times
  • The average score is 28 of 36
Answer Stats
Rank Player Position Nationality Matches Goals Assists % Correct
6 Alphonso Davies Left-Back 48 3 6
96%
11 Dayot Upamecano Centre-Back 42 2 1
96%
8 Harry Kane Centre-Forward 45 44 12
96%
1 Joshua Kimmich Defensive Midfield 55 4 13
96%
13 Kingsley Coman Left Winger 37 8 4
96%
16 Manuel Neuer Goalkeeper 33 0 0
96%
14 Min-jae Kim Centre-Back 36 1 2
96%
17 Serge Gnabry Left Winger 31 10 3
96%
4 Thomas Müller Second Striker 53 10 13
96%
20 Eric Dier Centre-Back 20 0 0
93%
5 Jamal Musiala Attacking Midfield 50 13 12
93%
9 Konrad Laimer Right-Back 43 1 4
93%
3 Leon Goretzka Central Midfield 53 6 11
93%
2 Leroy Sané Right Winger 54 11 16
93%
10 Matthijs de Ligt Centre-Back 42 3 2
93%
18 Raphaël Guerreiro Left-Back 28 3 2
93%
25 Sadio Mané Left Winger 10 1 1
93%
21 Sven Ulreich Goalkeeper 15 0 0
93%
23 Yann Sommer Goalkeeper 12 0 0
93%
19 Aleksandar Pavlovic Defensive Midfield 22 2 2
89%
7 Mathys Tel Centre-Forward 48 11 6
89%
15 Noussair Mazraoui Right-Back 36 1 5
89%
12 Eric-Maxim Choupo-Moting Centre-Forward 38 3 3
85%
22 Benjamin Pavard Centre-Back 12 1 0
78%
31 Josip Stanisic Right-Back 4 0 0
78%
32 Daniel Peretz Goalkeeper 2 0 0
74%
24 João Cancelo Right-Back 12 0 2
74%
29 Bouna Sarr Right-Back 6 0 1
70%
26 Ryan Gravenberch Defensive Midfield 10 0 0
70%
27 Bryan Zaragoza Left Winger 7 0 0
63%
33 Sacha Boey Right-Back 2 0 0
56%
28 Frans Krätzig Left Midfield 7 1 1
19%
30 Lovro Zvonarek Attacking Midfield 5 1 0
15%
34 Jonathan Asp Jensen Attacking Midfield 1 0 0
11%
36 Matteo Pérez Vinlöf Left-Back 1 0 0
7%
35 Taichi Fukui Central Midfield 1 0 0
7%
No matching quizzes found
Score Distribution
Percent of People with Each Score
Percentile by Number Answered
Your Score History
You have not taken this quiz